000 00463nam a2200169Ia 4500
003 GCL
008 140319s9999 xx 000 0 ara d
040 _aGCL /
_cGCL
082 0 4 _a791.43
_bع ن
100 1 _aعلى شلش
245 1 0 _aالنقد السينمائى (هدية من الاديب عبد الفتاح الجمل) /
_cعلى شلش
300 _a131 ص
490 _a
650 0 4 _aمصر
650 0 4 _aالسينما - نقد
942 _2ddc
_cBK
999 _c40449
_d40449